000 00552nam a2200181 a 4500
001 000040928
005 20201002034502.0
008 130911s2005 ag a 000 0 spa d
020 _a8426414915
040 _aDO-SdBNP
_bspa
_cBNPHU
082 _axxxx
_bxxxx
100 1 _aEco, Umberto
_941367
245 1 3 _aLa misteriosa llama de la reina Loana /
_cUmberto Eco; traducción Helena Lozano Miralles.
250 _a2a ed.
260 _aBarcelona, :
_bLumen,
_c2005.
300 _a508 p. :
_bil. ;
_c23 cm.
700 1 _aLozano Miralles, Helena,
_dtr.
_967354
999 _c40418
_d40418